Managing mixed use developments (Record no. 115264)
[ view plain ]
| 000 -LEADER | |
|---|---|
| fixed length control field | 01480cad a22002295a 4500 |
| 001 - CONTROL NUMBER | |
| control field | L158324 |
| 008 - FIXED-LENGTH DATA ELEMENTS--GENERAL INFORMATION | |
| fixed length control field | 130313s2012 xxk 000 0 eng u |
| 020 ## - INTERNATIONAL STANDARD BOOK NUMBER | |
| International Standard Book Number | 9781842198384 |
| 035 ## - SYSTEM CONTROL NUMBER | |
| System control number | (Sirsi) u158324 |
| 041 0# - LANGUAGE CODE | |
| Language code of text/sound track or separate title | eng |
| 110 2# - MAIN ENTRY--CORPORATE NAME | |
| Corporate name or jurisdiction name as entry element | Royal Institution of Chartered Surveyors |
| 9 (RLIN) | 4900 |
| 245 00 - TITLE STATEMENT | |
| Title | Managing mixed use developments |
| Remainder of title | RICS guidance note |
| Medium | [archived] |
| 260 ## - PUBLICATION, DISTRIBUTION, ETC. | |
| Place of publication, distribution, etc. | Coventry |
| Name of publisher, distributor, etc. | RICS |
| Date of publication, distribution, etc. | 2012 |
| 490 #0 - SERIES STATEMENT | |
| Series statement | RICS Guidance Note |
| 520 ## - SUMMARY, ETC. | |
| Summary, etc. | Addresses the issue of managing mixed use buildings and estates, i.e. those with a mix of commercial and residential units; most specifically, long leasehold residential flats. This document is based upon two previous RICS papers: Managing mixed use developments (2009), item code 18116, and Apportionment of service charges in mixed use developments (2009), item code 18465, (L153685). However, the content has been expanded significantly. |
| 520 ## - SUMMARY, ETC. | |
| Summary, etc. | This item has been archived and you should now refer to Commercial Property Management in England and Wales, 2nd edition ISBN 9781842197219 which is focused primarily on the management of commercial properties in England and Wales, however, special mention is made of mixed use developments |
| 650 ## - SUBJECT ADDED ENTRY--TOPICAL TERM | |
| Topical term or geographic name entry element | MIXED USE DEVELOPMENTS |
| 651 #4 - SUBJECT ADDED ENTRY--GEOGRAPHIC NAME | |
| Geographic name | England and Wales |
| 690 ## - LOCAL SUBJECT ADDED ENTRY--TOPICAL TERM (OCLC, RLIN) | |
| Topical term or geographic name as entry element | Planning and development |
| 9 (RLIN) | 6259 |
| 856 41 - ELECTRONIC LOCATION AND ACCESS | |
| Uniform Resource Identifier | <a href="https://www.isurv.com/downloads/download/1629/managing_mixed_use_developments_archive">https://www.isurv.com/downloads/download/1629/managing_mixed_use_developments_archive</a> |
| Public note | archived on isurv (subscription required) |
| 942 ## - ADDED ENTRY ELEMENTS (KOHA) | |
| Suppress in OPAC | 0 |
| Source of classification or shelving scheme | Dewey Decimal Classification |
| Withdrawn status | Lost status | Source of classification or shelving scheme | Damaged status | Not for loan | Home library | Current library | Shelving location | Date acquired | Total Checkouts | Full call number | Date last seen | Copy number | Price effective from | Koha item type |
|---|---|---|---|---|---|---|---|---|---|---|---|---|---|---|
| Dewey Decimal Classification | Virtual | Virtual | Online | 10/12/2014 | isurv | 27/07/2023 | 1 | 06/08/2019 | Online material |